000 01429cam a22001934a 4500
005 20250605164033.0
008 250528s ||||||||||||||||||||||||d
035 _a16714
020 _a631218416
040 _aGR-AtMCL
_bgre
_dGR-AtMCL
_eAACR2
245 1 _aBlackwell Handbook of Childhood Cognitive Development / Handbooks of Developmental Psychology
260 _bBlackwell Publishing,
_c2004
300 _a762
520 _aThis book provides state-of-the-art summaries of current research by international specialists in different areas of cognitive development. Acknowledgements, Infancy: The Origins of Cognitive Development, The Development of Understanding Self and Agency, Early Categorization: A New Synthesis, Early Memory Development, Cognitive Development in Early Childhood, Development of the Animate-Inanimate Distinction, Pretend Play and Cognitive Development, Topics in Cognitive Development in Childhood, The Development of Causal Reasoning, Inductive and Deductive Reasoning, Children's Intuitive Physics, Reading and Development and Dyslexia, Topics in Atypical Cognitive Development, Language and Cognition: Evidence from Disordered Language, Models of Cognitive Development, Piaget's Model, Vygotsky's Model of Cognitive Development, Information-Processing Models of Cognitive Development, References, Index.
700 1 _aGoswami Usha
_92804
942 _cBK
999 _c2187
_d2187